Länder mit den meisten Nachbarländer A-Z - Statistiken

Allgemein
  • Dieses Quiz wurde 274 mal gespielt
  • Das Durchschnittsergebnis liegt bei 15 aus 22
Antwortstatistiken
Anzahl Land % Korrekt
9 Demokratische Republik Kongo | Deutschland
98%
14 China
96%
14 Russland
90%
8 Österreich
85%
8 Frankreich
83%
6 Iran | Italien
81%
3 Venezuela | Vietnam
79%
6 Afghanistan | Algerien | Äthiopien
78%
4 Jordanien
76%
10 Brasilien
74%
6 Zentralafrikanische Republik
74%
7 Ukraine | Ungarn
72%
8 Tansania | Türkei
70%
3 Honduras
68%
7 Polen
65%
7 Niger
59%
7 Mali
54%
9 Serbien
46%
6 Kamerun
41%
6 Guinea
39%
5 Elfenbeinküste
36%
6 Libyen
36%
Keine übereinstimmenden Quizze gefunden
Verteilung der Resultate
Anzahl Personen mit jedem Resultat
Perzentil nach korrekt beantworteten Fragen
Ihre Resultats-Entwicklung
Sie haben dieses Quiz noch nicht gespielt